[Event "2. Bundesliga Ost 2009/2010"]
[Site "17+18.10Zwettl14+15.11Poechlarn"]
[Date "2010.01.30"]
[Round "5"]
[Board "4"]
[White "Ernst, Michael"]
[Black "Herndlbauer, Martin"]
[Result "0-1"]
[WhiteElo "2166"]
[BlackElo "2156"]
[PlyCount "124"]
[EventDate "2009.10.17"]
[EventType "team"]
[EventRounds "11"]
[EventCountry "AUT"]
[WhiteTeam "SV Tschaturanga Neubau"]
[BlackTeam "SK Advisory Invest Baden"]

1.d4 d5 2.c4 c6 3.Nf3 Nf6 4.e3 Bf5 5.cxd5 cxd5 6.Qb3 Qc7 7.Nc3 e6 8.Bd2 Nc6
9.Rc1 Nd7 10.Be2 Be7 11.O-O O-O 12.a3 Rfc8 13.Na2 Qb6 14.Qxb6 Nxb6 15.b4 a6
16.Rfd1 Na4 17.Be1 b5 18.Nc3 Nb2 19.Rd2 Nc4 20.Ra2 Rc7 21.Nd2 Nxd2 22.Bxd2 Rac8
23.Raa1 Nb8 24.Nd1 Bc2 25.Nb2 Kf8 26.Nd3 Bb3 27.Rxc7 Rxc7 28.Nc5 Bc4 29.Kf1 Bd6
30.a4 Ke7 31.g3 f6 32.f3 Bxc5 33.dxc5 Nc6 34.axb5 axb5 35.Ra6 Ne5 36.Bxc4 bxc4
37.Ke2 Nd3 38.c6 Kd6 39.b5 Rc8 40.Bc3 e5 41.Ra7 Kc5 42.Rb7 d4 43.Ba5 Nc1+ 44.Kd1
Nb3 45.Bb6+ Kxb5 46.c7 Kc6 47.Rb8 Kd7 48.exd4 Nxd4 49.f4 Nc6 50.Rb7 Ne7 51.fxe5
fxe5 52.Kc2 Nd5 53.Ba5 Nxc7 54.Kc3 Kc6 55.Rb1 Nb5+ 56.Kb4 Rb8 57.Rd1 Nd6+ 58.Kc3
Rb3+ 59.Kc2 Nb5 60.Rd8 Nd4+ 61.Kd2 Rd3+ 62.Ke1 Nf3+

[Event "2. Bundesliga Ost 2009/2010"]
[Site "17+18.10Zwettl14+15.11Poechlarn"]
[Date "2010.01.30"]
[Round "5"]
[Board "5"]
[White "Kamaryt, Thomas"]
[Black "Ponjican, Erich"]
[Result "1/2-1/2"]
[WhiteElo "2073"]
[BlackElo "2170"]
[PlyCount "119"]
[EventDate "2009.10.17"]
[EventType "team"]
[EventRounds "11"]
[EventCountry "AUT"]
[WhiteTeam "SK Advisory Invest Baden"]
[BlackTeam "SV Tschaturanga Neubau"]

1.Nf3 d5 2.c4 d4 3.e4 c5 4.Bd3 Nc6 5.Bc2 e5 6.d3 Bd6 7.Ba4 Nge7 8.Nbd2 O-O
9.Bxc6 Nxc6 10.Nf1 f5 11.N3d2 f4 12.a3 Qg5 13.Rg1 Bg4 14.f3 Be6 15.Qe2 a6 16.Qf2
Be7 17.Ke2 b5 18.b3 Rab8 19.g3 bxc4 20.bxc4 Qh6 21.gxf4 exf4 22.h4 Ne5 23.Qg2
Bd7 24.Nh2 Rf7 25.Ng4 Bxg4 26.fxg4 Qxh4 27.Nf3 Nxf3 28.Qxf3 Qg5 29.Bd2 Bd6
30.Rab1 Rfb7 31.Rxb7 Rxb7 32.Rh1 g6 33.Kd1 Be5 34.Kc2 Qd8 35.Rb1 Rxb1 36.Kxb1 g5
37.Qh3 Kg7 38.Qh5 h6 39.Kc2 Qd7 40.Kb3 Qb7+ 41.Ka2 Qf7 42.Qh2 Bc7 43.e5 Bxe5
44.Qe2 Qe6 45.Qe4 Qf6 46.Qf3 Bc7 47.Qb7 Qf7 48.Qf3 Bd8 49.Kb3 Qd7 50.Kb2 Qe6
51.Kb3 Be7 52.Ka2 Bd6 53.Qb7+ Kg6 54.Qxa6 f3 55.Be1 Qe2+ 56.Kb3 Qxd3+ 57.Ka4
Qd1+ 58.Kb5 Qb1+ 59.Bb4 cxb4 60.Qxd6+

[Event "2. Bundesliga Ost 2009/2010"]
[Site "17+18.10Zwettl14+15.11Poechlarn"]
[Date "2010.01.30"]
[Round "5"]
[Board "6"]
[White "Petschar, Hans"]
[Black "Zechner, Andrea"]
[Result "0-1"]
[WhiteElo "2086"]
[BlackElo "1987"]
[PlyCount "56"]
[EventDate "2009.10.17"]
[EventType "team"]
[EventRounds "11"]
[EventCountry "AUT"]
[WhiteTeam "SV Tschaturanga Neubau"]
[BlackTeam "SK Advisory Invest Baden"]

1.c4 c6 2.Nf3 Nf6 3.Nc3 d5 4.e3 e6 5.Qc2 Nbd7 6.d4 Bd6 7.Bd3 O-O 8.O-O dxc4
9.Bxc4 e5 10.h3 Qe7 11.Bb3 Re8 12.Ng5 Rf8 13.dxe5 Nxe5 14.f4 Ng6 15.e4 Bc5+
16.Kh2 h6 17.Nxf7 Be6 18.Nxh6+ gxh6 19.f5 Bxb3 20.Qxb3+ Kh8 21.Qd1 Ne5 22.Qe2
Rg8 23.Bf4 Rad8 24.Rad1 Rxd1 25.Rxd1 Nfg4+ 26.Kh1 Nf2+ 27.Kh2 Neg4+ 28.Kg3 Nxd1

[Event "2. Bundesliga Ost 2009/2010"]
[Site "17+18.10Zwettl14+15.11Poechlarn"]
[Date "2010.01.30"]
[Round "5"]
[Board "1"]
[White "Zilka, Stepan"]
[Black "Froschauer, Hans"]
[Result "1-0"]
[WhiteElo "2485"]
[BlackElo "2126"]
[PlyCount "59"]
[EventDate "2009.10.17"]
[EventType "team"]
[EventRounds "11"]
[EventCountry "AUT"]
[WhiteTeam "Blackburne Nickelsdorf"]
[BlackTeam "ASVOE Pamhagen"]

1.d4 Nf6 2.c4 e6 3.Nc3 Bb4 4.e3 O-O 5.Bd3 b6 6.Nf3 Bb7 7.O-O d5 8.a3 Bxc3 9.bxc3
dxc4 10.Bxc4 Nbd7 11.Re1 c5 12.Bd3 Be4 13.Ba6 Qc7 14.Bb2 Rad8 15.Rc1 Rfe8 16.Qe2
h6 17.h3 Nh7 18.Red1 e5 19.Bb5 Bc6 20.Bxc6 Qxc6 21.dxe5 Qc7 22.c4 Ng5 23.Nxg5
hxg5 24.f4 f6 25.exf6 Nxf6 26.fxg5 Ne4 27.Qg4 Qe7 28.g6 Nd2 29.Re1 Qd6 30.Qh5

[Event "2. Bundesliga Ost 2009/2010"]
[Site "17+18.10Zwettl14+15.11Poechlarn"]
[Date "2010.01.30"]
[Round "5"]
[Board "2"]
[White "Orlovic, Veljko"]
[Black "Pinter, Erik"]
[Result "0-1"]
[WhiteElo "2122"]
[BlackElo "2416"]
[PlyCount "96"]
[EventDate "2009.10.17"]
[EventType "team"]
[EventRounds "11"]
[EventCountry "AUT"]
[WhiteTeam "ASVOE Pamhagen"]
[BlackTeam "Blackburne Nickelsdorf"]

1.d4 Nf6 2.c4 g6 3.Nc3 d5 4.Nf3 Bg7 5.g3 dxc4 6.Qa4+ Nfd7 7.Qxc4 O-O 8.Bg2 Nb6
9.Qd3 Nc6 10.Bf4 Bf5 11.e4 Bg4 12.d5 e6 13.O-O-O exd5 14.exd5 Nb4 15.Qb5 a5
16.a3 Bd7 17.Qc5 Bxc3 18.bxc3 Na2+ 19.Kd2 Nxc3 20.Qxc3 Nxd5 21.Qd4 Nxf4 22.gxf4
Qe7 23.Qe3 Qf6 24.Ne5 Ba4 25.Rc1 Rad8+ 26.Ke2 Rfe8 27.Rhe1 Bb5+ 28.Kf3 Qh4
29.Qb3 Rxe5 30.Rxe5 Rd3+ 31.Qxd3 Bxd3 32.Rxc7 Bf5 33.Re8+ Kg7 34.Ree7 Qg4+
35.Ke3 Be6 36.Bxb7 Kf6 37.Be4 Qh3+ 38.f3 Qxh2 39.Re8 Qg1+ 40.Ke2 Qa1 41.Ra8 Qxa3
42.Rc6 Kg7 43.Ra7 Bb3 44.f5 gxf5 45.Bxf5 Bd5 46.Be4 Bxc6 47.Bxc6 Qc5 48.Rc7 Qe5+

[Event "2. Bundesliga Ost 2009/2010"]
[Site "17+18.10Zwettl14+15.11Poechlarn"]
[Date "2010.01.30"]
[Round "5"]
[Board "3"]
[White "Vlcek, Stanislav"]
[Black "Galavics, Hermann"]
[Result "0-1"]
[WhiteElo "2286"]
[BlackElo "2041"]
[PlyCount "78"]
[EventDate "2009.10.17"]
[EventType "team"]
[EventRounds "11"]
[EventCountry "AUT"]
[WhiteTeam "Blackburne Nickelsdorf"]
[BlackTeam "ASVOE Pamhagen"]

1.e4 e6 2.d3 d5 3.Qe2 Be7 4.g3 Nf6 5.e5 Nfd7 6.f4 c5 7.Nf3 Nc6 8.Bg2 b5 9.O-O a5
10.Nbd2 Qc7 11.c4 bxc4 12.dxc4 Ba6 13.b3 Rb8 14.Rf2 O-O 15.Bb2 Nb6 16.Rc1 dxc4
17.bxc4 Rfd8 18.a3 Qd7 19.Ba1 Nd4 20.Nxd4 cxd4 21.Qd3 Qa4 22.Be4 Bxa3 23.Bxh7+
Kh8 24.Rc2 Bb4 25.Bb2 Bxd2 26.Qf3 Kxh7 27.Qh5+ Kg8 28.Rcxd2 Nxc4 29.f5 exf5
30.Qxf5 Qe8 31.Rxd4 Rxd4 32.Bxd4 Qe6 33.Qc2 Rd8 34.Rf4 Rc8 35.Rh4 Qg6 36.Qd1 Rb8
37.Kg2 Rb2+ 38.Kh3 Bc8+ 39.g4 Rd2

[Event "2. Bundesliga Ost 2009/2010"]
[Site "17+18.10Zwettl14+15.11Poechlarn"]
[Date "2010.01.30"]
[Round "5"]
[Board "5"]
[White "Steinert, Martin"]
[Black "Rusek, Walter"]
[Result "1-0"]
[WhiteElo "2127"]
[BlackElo "1849"]
[PlyCount "65"]
[EventDate "2009.10.17"]
[EventType "team"]
[EventRounds "11"]
[EventCountry "AUT"]
[WhiteTeam "Blackburne Nickelsdorf"]
[BlackTeam "ASVOE Pamhagen"]

1.d4 d5 2.c4 c6 3.Nc3 Nf6 4.e3 e6 5.Bd3 dxc4 6.Bxc4 b5 7.Bd3 a6 8.Nf3 Nbd7 9.e4
Bb7 10.O-O Be7 11.Bc2 c5 12.d5 b4 13.dxe6 Nb6 14.exf7+ Kf8 15.Nd5 Nfxd5 16.exd5
Qxd5 17.Qe2 Bf6 18.Re1 Qxf7 19.Bf4 Rd8 20.Ng5 Bxg5 21.Bxg5 Re8 22.Qd2 Bd5
23.Rxe8+ Kxe8 24.Re1+ Kf8 25.Bb3 h6 26.Be7+ Kg8 27.Bxc5 Bxb3 28.axb3 Nd7 29.Re7
Qf5 30.Rxd7 Qxc5 31.Rd8+ Kh7 32.Qd3+ g6 33.Qd7+

[Event "2. Bundesliga Ost 2009/2010"]
[Site "17+18.10Zwettl14+15.11Poechlarn"]
[Date "2010.01.30"]
[Round "5"]
[Board "1"]
[White "Michalik, Peter"]
[Black "Denk, Adolf"]
[Result "1-0"]
[WhiteElo "2439"]
[BlackElo "2257"]
[PlyCount "105"]
[EventDate "2009.10.17"]
[EventType "team"]
[EventRounds "11"]
[EventCountry "AUT"]
[WhiteTeam "1. Wr. Neustaedter SV"]
[BlackTeam "SK St. Poelten"]

1.d4 Nf6 2.c4 e6 3.Nc3 Bb4 4.e3 b6 5.Nge2 Bb7 6.a3 Bxc3+ 7.Nxc3 d6 8.Bd3 Nbd7
9.O-O O-O 10.e4 e5 11.d5 Nc5 12.Bc2 a5 13.Bg5 h6 14.Be3 Bc8 15.f3 Nh7 16.Qd2 f5
17.b4 Nb7 18.exf5 Bxf5 19.Ba4 Qh4 20.Bc6 axb4 21.Nb5 Rfb8 22.Nxc7 Rxa3 23.Rxa3
bxa3 24.Na6 Rc8 25.Bf2 Qe7 26.Bxb6 Nf6 27.Qa2 Bd3 28.Re1 Na5 29.Bxa5 Qa7+ 30.c5
dxc5 31.Qxa3 Qxa6 32.Rxe5 c4 33.Re7 Rb8 34.Rc7 Rc8 35.Rxc8+ Qxc8 36.Bc3 Qf5
37.Qe7 Qg5 38.Bxf6 Qxf6 39.Qxf6 gxf6 40.d6 Kf7 41.Kf2 c3 42.Ke3 Bc4 43.Bd7 Bf1
44.g3 Bc4 45.Bf5 Bb3 46.Kd3 Be6 47.Bxe6+ Kxe6 48.Kxc3 Kxd6 49.Kd4 Ke6 50.Ke4 f5+
51.Kd4 Kf6 52.f4 Ke6 53.Kc5

[Event "2. Bundesliga Ost 2009/2010"]
[Site "17+18.10Zwettl14+15.11Poechlarn"]
[Date "2010.01.30"]
[Round "5"]
[Board "2"]
[White "Sadilek, Maximilian"]
[Black "Schroll, Gerhard"]
[Result "1/2-1/2"]
[WhiteElo "2207"]
[BlackElo "2411"]
[PlyCount "83"]
[EventDate "2009.10.17"]
[EventType "team"]
[EventRounds "11"]
[EventCountry "AUT"]
[WhiteTeam "SK St. Poelten"]
[BlackTeam "1. Wr. Neustaedter SV"]

1.d4 e6 2.e4 c5 3.Nf3 a6 4.Bd3 d5 5.exd5 exd5 6.Qe2+ Qe7 7.Qxe7+ Bxe7 8.dxc5
Bxc5 9.O-O Ne7 10.Re1 Nbc6 11.Be3 Bxe3 12.Rxe3 f6 13.Nbd2 Kf7 14.Rae1 Nf5
15.R3e2 g5 16.Bxf5 Bxf5 17.Nb3 Bg4 18.Nbd4 Kg6 19.Nxc6 bxc6 20.Re7 c5 21.Rc7
Rhc8 22.Ree7 Bxf3 23.gxf3 h5 24.Rxc8 Rxc8 25.Rd7 d4 26.Rd6 a5 27.Ra6 c4 28.Rxa5
c3 29.bxc3 Rxc3 30.Ra4 Rxc2 31.Rxd4 Rxa2 32.h4 Kf5 33.hxg5 fxg5 34.Kg2 Ra5
35.Rd8 Ra6 36.Rh8 h4 37.Rf8+ Rf6 38.Rb8 Re6 39.Rf8+ Ke5 40.Kh3 Rh6 41.Re8+ Kf4
42.Rf8+

[Event "2. Bundesliga Ost 2009/2010"]
[Site "17+18.10Zwettl14+15.11Poechlarn"]
[Date "2010.01.30"]
[Round "5"]
[Board "3"]
[White "Lucaci, Marius"]
[Black "Steiner, Bruno"]
[Result "0-1"]
[WhiteElo "2153"]
[BlackElo "2184"]
[PlyCount "48"]
[EventDate "2009.10.17"]
[EventType "team"]
[EventRounds "11"]
[EventCountry "AUT"]
[WhiteTeam "1. Wr. Neustaedter SV"]
[BlackTeam "SK St. Poelten"]

1.e4 c5 2.Nf3 e6 3.d4 cxd4 4.Nxd4 Nf6 5.Bd3 d6 6.O-O Be7 7.c4 O-O 8.Nc3 Nc6
9.Be3 Ne5 10.Be2 d5 11.cxd5 exd5 12.exd5 Nxd5 13.Nxd5 Qxd5 14.Nb5 Qe4 15.Nc7 Bh3
16.Qd5 Qg6 17.f4 Rac8 18.fxe5 Rxc7 19.Rac1 Rd8 20.Qf3 Rxc1 21.Rxc1 Be6 22.b3 Bg5
23.Rf1 Bd5 24.Qg3 Bxe3+

[Event "2. Bundesliga Ost 2009/2010"]
[Site "17+18.10Zwettl14+15.11Poechlarn"]
[Date "2010.01.30"]
[Round "5"]
[Board "4"]
[White "Juenger, Heinz"]
[Black "Todor, Razvan"]
[Result "0-1"]
[WhiteElo "2086"]
[BlackElo "2201"]
[PlyCount "102"]
[EventDate "2009.10.17"]
[EventType "team"]
[EventRounds "11"]
[EventCountry "AUT"]
[WhiteTeam "SK St. Poelten"]
[BlackTeam "1. Wr. Neustaedter SV"]

1.d4 g6 2.c4 Bg7 3.Nc3 d6 4.Nf3 Bg4 5.h3 Bxf3 6.gxf3 Nd7 7.f4 e5 8.fxe5 dxe5
9.dxe5 Nxe5 10.e3 Qxd1+ 11.Kxd1 O-O-O+ 12.Kc2 Ne7 13.Bd2 f5 14.Rd1 Bh6 15.Be2
Rhf8 16.Bc1 Rde8 17.f4 Nf7 18.h4 Nc6 19.c5 Nfd8 20.a3 a5 21.Bb5 Rf6 22.Nd5 Rfe6
23.Rd3 Bg7 24.h5 h6 25.Rg1 Rg8 26.Bc4 Bf8 27.Nc3 g5 28.fxg5 hxg5 29.Bxe6+ Nxe6
30.Rd5 Bxc5 31.Rf1 g4 32.Ne2 Ne7 33.Re5 Kd7 34.Nf4 Nxf4 35.Rxf4 Bd6 36.Rd4 g3
37.e4 Nc6 38.Rxd6+ cxd6 39.Rd5 g2 40.Be3 g1=Q 41.Bxg1 Rxg1 42.exf5 Rg5 43.h6 Rh5
44.Kc3 Rxh6 45.Kc4 Rh2 46.b3 Rh4+ 47.Kb5 Rh3 48.Ka4 Rf3 49.Rb5 Kc7 50.b4 axb4
51.axb4 Nd4

[Event "2. Bundesliga Ost 2009/2010"]
[Site "17+18.10Zwettl14+15.11Poechlarn"]
[Date "2010.01.30"]
[Round "5"]
[Board "5"]
[White "Steiner, Adam"]
[Black "Sekyra, Michael"]
[Result "1-0"]
[WhiteElo "2188"]
[BlackElo "2155"]
[PlyCount "79"]
[EventDate "2009.10.17"]
[EventType "team"]
[EventRounds "11"]
[EventCountry "AUT"]
[WhiteTeam "1. Wr. Neustaedter SV"]
[BlackTeam "SK St. Poelten"]

1.e4 c5 2.c3 d5 3.exd5 Qxd5 4.d4 cxd4 5.cxd4 Nc6 6.Nf3 Bg4 7.Nc3 Bxf3 8.gxf3
Qxd4 9.Qxd4 Nxd4 10.Nb5 Nc2+ 11.Kd1 Rc8 12.Nxa7 Rc5 13.Be3 Nxe3+ 14.fxe3 e5
15.Bb5+ Kd8 16.Bd3 Nf6 17.Ke2 Bd6 18.b4 Rc7 19.Nb5 Rc6 20.Nxd6 Rxd6 21.Rac1 e4
22.Bxe4 Nxe4 23.fxe4 Kd7 24.Rhf1 f6 25.e5 Ra6 26.exf6 Rxa2+ 27.Kd3 gxf6 28.Rxf6
Rxh2 29.Rf7+ Ke6 30.Rcc7 b5 31.Kd4 Rh5 32.Rce7+ Kd6 33.e4 Rc8 34.e5+ Rxe5
35.Rd7+ Ke6 36.Rfe7+ Kf6 37.Rxe5 Rc4+ 38.Kd5 Rxb4 39.Rd6+ Kf7 40.Kc6

[Event "2. Bundesliga Ost 2009/2010"]
[Site "17+18.10Zwettl14+15.11Poechlarn"]
[Date "2010.01.30"]
[Round "5"]
[Board "6"]
[White "Kammerer, Roman"]
[Black "Roman, Liviu-Valeriu"]
[Result "0-1"]
[WhiteElo "2099"]
[BlackElo "2009"]
[PlyCount "124"]
[EventDate "2009.10.17"]
[EventType "team"]
[EventRounds "11"]
[EventCountry "AUT"]
[WhiteTeam "SK St. Poelten"]
[BlackTeam "1. Wr. Neustaedter SV"]

1.e4 d5 2.Nc3 dxe4 3.Nxe4 Nf6 4.Ng3 e5 5.Bc4 Bc5 6.Nf3 e4 7.Bxf7+ Kxf7 8.Ng5+
Kg8 9.N5xe4 Bg4 10.f3 Nxe4 11.Nxe4 Qe7 12.d4 Bb6 13.Qd3 Be6 14.Bd2 Nc6 15.c3 Rd8
16.Bg5 Qf7 17.Bxd8 Nxd8 18.Ng5 Qg6 19.Qxg6 hxg6 20.Nxe6 Nxe6 21.Kd2 Kf7 22.Kc2
c6 23.g3 Bc7 24.f4 Rh3 25.Raf1 Bd6 26.Rf2 Nc7 27.c4 Ne6 28.Rd1 Nf8 29.Re2 Nd7
30.d5 c5 31.Rdd2 Nf8 32.Rd3 Rh5 33.Ra3 Bb8 34.Rb3 Bd6 35.Ra3 Bb8 36.d6 Ne6 37.d7
Rh8 38.Rd2 Rd8 39.b4 b6 40.Rad3 cxb4 41.Rd5 Nc5 42.Rxc5 bxc5 43.Rd5 Bc7 44.Rxc5
Rxd7 45.Rb5 a5 46.Rb7 Kf6 47.h4 Re7 48.Kd3 Ke6 49.Rb5 Rd7+ 50.Ke4 Rd2 51.g4 Re2+
52.Kd4 Rxa2 53.f5+ gxf5 54.gxf5+ Kf6 55.c5 Be5+ 56.Kd5 Kxf5 57.c6 Ra3 58.Kc4 Ke6
59.Rb7 Rc3+ 60.Kb5 b3 61.Kxa5 b2 62.Rxb2 Ra3+

[Event "2. Bundesliga Ost 2009/2010"]
[Site "17+18.10Zwettl14+15.11Poechlarn"]
[Date "2010.01.30"]
[Round "5"]
[Board "1"]
[White "Videki, Sandor"]
[Black "Plachetka, Jan"]
[Result "1-0"]
[WhiteElo "2450"]
[BlackElo "2379"]
[PlyCount "67"]
[EventDate "2009.10.17"]
[EventType "team"]
[EventRounds "11"]
[EventCountry "AUT"]
[WhiteTeam "Spg Data Technology Eichgraben/P."]
[BlackTeam "Austria Wien"]

1.e4 c5 2.Nf3 d6 3.d4 cxd4 4.Nxd4 Nf6 5.Nc3 Nc6 6.Bg5 Qb6 7.Nb3 e6 8.Qd2 Be7
9.Bxf6 Bxf6 10.Qxd6 Be7 11.Qg3 O-O 12.O-O-O a5 13.a4 Nb4 14.f4 e5 15.f5 Qh6+
16.Kb1 b6 17.Qxe5 Bf6 18.Qc7 Qe3 19.Bb5 Bxc3 20.bxc3 Na6 21.Qc6 Rb8 22.Rhe1 Qg5
23.Re2 g6 24.Qd6 gxf5 25.Rd3 f4 26.Rd5 Qg7 27.Qxf4 f6 28.Red2 Nc7 29.Rd8 Be6
30.Rxb8 Rxb8 31.Nd4 Rc8 32.Qd6 Qf7 33.Nxe6 Nxe6 34.Bd7

[Event "2. Bundesliga Ost 2009/2010"]
[Site "17+18.10Zwettl14+15.11Poechlarn"]
[Date "2010.01.30"]
[Round "5"]
[Board "2"]
[White "Staudner, Oliver"]
[Black "Ganaus, Hannes"]
[Result "1/2-1/2"]
[WhiteElo "2405"]
[BlackElo "2281"]
[PlyCount "37"]
[EventDate "2009.10.17"]
[EventType "team"]
[EventRounds "11"]
[EventCountry "AUT"]
[WhiteTeam "Austria Wien"]
[BlackTeam "Spg Data Technology Eichgraben/P."]

1.e4 c6 2.d4 d5 3.e5 Bf5 4.c3 e6 5.Be3 Qb6 6.Qb3 Nd7 7.Nd2 f6 8.f4 g5 9.Ngf3
gxf4 10.Bxf4 Bh6 11.Bxh6 Nxh6 12.exf6 Qc7 13.O-O-O Nxf6 14.Re1 O-O-O 15.g3 Nhg4
16.Rg1 h5 17.Rg2 Ne4 18.Nh4 Bh7 19.Bd3

[Event "2. Bundesliga Ost 2009/2010"]
[Site "17+18.10Zwettl14+15.11Poechlarn"]
[Date "2010.01.30"]
[Round "5"]
[Board "3"]
[White "Neumeier, Klaus"]
[Black "Pacher, Milan"]
[Result "1-0"]
[WhiteElo "2391"]
[BlackElo "2366"]
[PlyCount "69"]
[EventDate "2009.10.17"]
[EventType "team"]
[EventRounds "11"]
[EventCountry "AUT"]
[WhiteTeam "Spg Data Technology Eichgraben/P."]
[BlackTeam "Austria Wien"]

1.e4 e5 2.Nf3 Nf6 3.d4 Nxe4 4.Bd3 d5 5.Nxe5 Nd7 6.Nxd7 Bxd7 7.O-O Qh4 8.g3 Qh3
9.f3 Nf6 10.Re1+ Be6 11.Re5 g5 12.Bf5 Qh5 13.g4 Qh3 14.Bxg5 Bg7 15.Bxe6 fxe6
16.Bxf6 Bxf6 17.Rh5 Bh4 18.Qe2 O-O-O 19.Nd2 Rdg8 20.Kh1 Kb8 21.Rg1 h6 22.Rg3
Bxg3 23.Rxh3 Bf4 24.Nf1 c5 25.dxc5 e5 26.Ng3 Re8 27.Nf5 e4 28.fxe4 Rxe4 29.Qb5
a6 30.Qd7 Rc8 31.Rb3 b5 32.Ne7 Rc7 33.Nc6+ Kb7 34.Na5+ Kb8 35.Qd8+

[Event "2. Bundesliga Ost 2009/2010"]
[Site "17+18.10Zwettl14+15.11Poechlarn"]
[Date "2010.01.30"]
[Round "5"]
[Board "4"]
[White "Hangweyrer, Manfred"]
[Black "Weissenbeck, Manuel"]
[Result "0-1"]
[WhiteElo "2348"]
[BlackElo "2252"]
[PlyCount "62"]
[EventDate "2009.10.17"]
[EventType "team"]
[EventRounds "11"]
[EventCountry "AUT"]
[WhiteTeam "Austria Wien"]
[BlackTeam "Spg Data Technology Eichgraben/P."]

1.e4 c5 2.Nc3 Nc6 3.g3 g6 4.Bg2 Bg7 5.d3 d6 6.f4 e6 7.Nf3 Nge7 8.O-O O-O 9.Be3
Nd4 10.e5 Nef5 11.Bf2 Rb8 12.Ne4 Nxf3+ 13.Qxf3 b6 14.g4 Bb7 15.Qd1 dxe5 16.gxf5
exf4 17.Nc3 Bxg2 18.Kxg2 exf5 19.Qf3 g5 20.Rae1 Qd6 21.h3 Rbd8 22.Re2 Kh8 23.Bg1
Rg8 24.Kh1 Be5 25.Rfe1 f6 26.Nb5 Qd7 27.Nc3 g4 28.hxg4 fxg4 29.Qf1 Qc6+ 30.Kh2
g3+ 31.Kh3 f3

[Event "2. Bundesliga Ost 2009/2010"]
[Site "17+18.10Zwettl14+15.11Poechlarn"]
[Date "2010.01.30"]
[Round "5"]
[Board "5"]
[White "Hechl, Gerald"]
[Black "Nagy, Bence"]
[Result "0-1"]
[WhiteElo "2244"]
[BlackElo "2305"]
[PlyCount "72"]
[EventDate "2009.10.17"]
[EventType "team"]
[EventRounds "11"]
[EventCountry "AUT"]
[WhiteTeam "Spg Data Technology Eichgraben/P."]
[BlackTeam "Austria Wien"]

1.d4 Nf6 2.Bg5 d5 3.Bxf6 gxf6 4.c4 c6 5.e3 Rg8 6.cxd5 cxd5 7.Nc3 Nc6 8.Qb3 e6
9.Nge2 Bd6 10.g3 Bd7 11.Bg2 Na5 12.Qc2 f5 13.Nc1 Rc8 14.Qe2 b5 15.Qh5 Nc4
16.Qxh7 Rf8 17.O-O Nxb2 18.Nxd5 exd5 19.Bxd5 Qf6 20.Qh5 Rh8 21.Qe2 Na4 22.Qe1
Qh6 23.h4 Nc3 24.Bb7 Bc6 25.Bxc6+ Rxc6 26.Nd3 Bc7 27.Nf4 Bxf4 28.exf4+ Kf8
29.Qe5 Qxh4 30.Kg2 Qh2+ 31.Kf3 Qh5+ 32.Kg2 Qh3+ 33.Kf3 Qg4+ 34.Kg2 Rch6 35.Qb8+
Kg7 36.Qe5+ Kg6

[Event "2. Bundesliga Ost 2009/2010"]
[Site "17+18.10Zwettl14+15.11Poechlarn"]
[Date "2010.01.30"]
[Round "5"]
[Board "6"]
[White "Liedl, Wolfgang"]
[Black "Pichler, Michael"]
[Result "1/2-1/2"]
[WhiteElo "2211"]
[BlackElo "2154"]
[PlyCount "60"]
[EventDate "2009.10.17"]
[EventType "team"]
[EventRounds "11"]
[EventCountry "AUT"]
[WhiteTeam "Austria Wien"]
[BlackTeam "Spg Data Technology Eichgraben/P."]

1.d4 e6 2.c4 d5 3.Nf3 Nf6 4.Nc3 c6 5.e3 Nbd7 6.Bd3 dxc4 7.Bxc4 b5 8.Bd3 a6 9.e4
c5 10.e5 cxd4 11.Nxb5 axb5 12.exf6 gxf6 13.O-O Qb6 14.Qe2 b4 15.Bf4 Be7 16.Rfd1
Ba6 17.Nxd4 Qxd4 18.Bxa6 Qxf4 19.Rxd7 Bd6 20.g3 Qe5 21.Qb5 Rxa6 22.Qxa6 Kxd7
23.Qb7+ Bc7 24.Rd1+ Ke7 25.Rc1 Kd8 26.Rd1+ Ke7 27.Rc1 Kd8 28.Rd1+ Ke7 29.Rc1 Kd8
30.Rd1+ Ke7

[Event "2. Bundesliga Ost 2009/2010"]
[Site "17+18.10Zwettl14+15.11Poechlarn"]
[Date "2010.01.30"]
[Round "5"]
[Board "1"]
[White "Polak, Thomas"]
[Black "Antoniewski, Rafal"]
[Result "1/2-1/2"]
[WhiteElo "2507"]
[BlackElo "2558"]
[PlyCount "39"]
[EventDate "2009.10.17"]
[EventType "team"]
[EventRounds "11"]
[EventCountry "AUT"]
[WhiteTeam "SK Zwettl"]
[BlackTeam "ASVOE SK Mattersburg"]

1.d4 d5 2.c4 c6 3.Nc3 Nf6 4.e3 a6 5.Bd2 b5 6.c5 a5 7.Qc2 Nbd7 8.Nf3 g6 9.Be2 Bg7
10.O-O O-O 11.a3 Qc7 12.b4 axb4 13.axb4 Bb7 14.h3 e5 15.dxe5 Nxe5 16.Nd4 Nc4
17.Bf3 Ne5 18.Be2 Nc4 19.Bf3 Ne5 20.Be2

[Event "2. Bundesliga Ost 2009/2010"]
[Site "17+18.10Zwettl14+15.11Poechlarn"]
[Date "2010.01.30"]
[Round "5"]
[Board "2"]
[White "Cvek, Robert"]
[Black "Blatny, Pavel"]
[Result "1-0"]
[WhiteElo "2518"]
[BlackElo "2407"]
[PlyCount "103"]
[EventDate "2009.10.17"]
[EventType "team"]
[EventRounds "11"]
[EventCountry "AUT"]
[WhiteTeam "ASVOE SK Mattersburg"]
[BlackTeam "SK Zwettl"]

1.d4 d5 2.Nf3 e6 3.c4 c6 4.e3 f5 5.Bd3 Bd6 6.O-O Qf6 7.b3 Ne7 8.Ba3 Bxa3 9.Nxa3
Nd7 10.b4 a6 11.Qb3 O-O 12.Qb2 g5 13.Ne5 f4 14.exf4 gxf4 15.Rfe1 Nxe5 16.Rxe5
Rf7 17.Rae1 Bd7 18.Nb1 Kh8 19.c5 Rg8 20.f3 Rfg7 21.R1e2 Qh4 22.Qc1 Ng6 23.Bxg6
Rxg6 24.Kh1 Rh6 25.Qg1 a5 26.bxa5 Ra8 27.Nc3 Rxa5 28.a4 Ra8 29.Rb2 Ra7 30.h3 Be8
31.Qe1 Qf6 32.Rbe2 Bf7 33.Qb1 Qg7 34.Qc1 Qg3 35.Qe1 Qg7 36.Rb2 Qf6 37.a5 Qd8
38.Ne2 Qh4 39.Qxh4 Rxh4 40.Rg5 Bg6 41.Rg4 Rxg4 42.hxg4 Kg7 43.Nxf4 Kf6 44.Re2
Bf7 45.Ra2 e5 46.Ne2 exd4 47.Nxd4 Ke5 48.Ra4 Ra6 49.Kg1 Bg6 50.Kf2 Bd3 51.Ke3
Bc4 52.g5

[Event "2. Bundesliga Ost 2009/2010"]
[Site "17+18.10Zwettl14+15.11Poechlarn"]
[Date "2010.01.30"]
[Round "5"]
[Board "3"]
[White "Pisk, Petr"]
[Black "Petran, Peter"]
[Result "1/2-1/2"]
[WhiteElo "2346"]
[BlackElo "2361"]
[PlyCount "49"]
[EventDate "2009.10.17"]
[EventType "team"]
[EventRounds "11"]
[EventCountry "AUT"]
[WhiteTeam "SK Zwettl"]
[BlackTeam "ASVOE SK Mattersburg"]

1.e4 g6 2.d4 Bg7 3.Nc3 d6 4.h3 Nd7 5.Be3 e5 6.dxe5 dxe5 7.a4 Ngf6 8.Nf3 O-O
9.Be2 b6 10.O-O Bb7 11.Nd2 a6 12.Qb1 Qe7 13.Qa2 c6 14.Nc4 c5 15.Bf3 Bc6 16.Rfd1
Rfc8 17.Bg5 Rab8 18.Bg4 Rc7 19.Bxd7 Rxd7 20.Rxd7 Bxd7 21.Nd5 Qe6 22.Nc7 Qe7
23.Nd5 Qe6 24.Nc7 Qe7 25.Nd5

[Event "2. Bundesliga Ost 2009/2010"]
[Site "17+18.10Zwettl14+15.11Poechlarn"]
[Date "2010.01.30"]
[Round "5"]
[Board "4"]
[White "Riedner, Martin"]
[Black "Vyskocil, Neklan"]
[Result "0-1"]
[WhiteElo "2189"]
[BlackElo "2355"]
[PlyCount "54"]
[EventDate "2009.10.17"]
[EventType "team"]
[EventRounds "11"]
[EventCountry "AUT"]
[WhiteTeam "ASVOE SK Mattersburg"]
[BlackTeam "SK Zwettl"]

1.Nf3 c5 2.c4 g6 3.e3 Nf6 4.Nc3 Bg7 5.d4 cxd4 6.exd4 d5 7.c5 O-O 8.Ne5 b6 9.Be2
bxc5 10.dxc5 Qc7 11.Nd3 e5 12.O-O Ba6 13.b4 d4 14.Na4 e4 15.Bf4 Qb7 16.Ndb2 d3
17.Bg4 Nxg4 18.Qxg4 Qxb4 19.Bd6 Re8 20.Rab1 Bb5 21.Qd1 d2 22.a3 Qxa3 23.Ra1 Qb4
24.Nb6 Bxb2 25.Nxa8 Bxa1 26.Qxa1 Bxf1 27.Nc7 Be2

[Event "2. Bundesliga Ost 2009/2010"]
[Site "17+18.10Zwettl14+15.11Poechlarn"]
[Date "2010.01.30"]
[Round "5"]
[Board "5"]
[White "Janetschek, Karl"]
[Black "Brod, Manfred"]
[Result "1/2-1/2"]
[WhiteElo "2280"]
[BlackElo "2165"]
[PlyCount "81"]
[EventDate "2009.10.17"]
[EventType "team"]
[EventRounds "11"]
[EventCountry "AUT"]
[WhiteTeam "SK Zwettl"]
[BlackTeam "ASVOE SK Mattersburg"]

1.e4 c5 2.Nf3 e6 3.d4 cxd4 4.Nxd4 Nf6 5.Nc3 d6 6.g4 Nc6 7.g5 Nd7 8.Be3 Be7 9.Rg1
a6 10.h4 Nxd4 11.Qxd4 O-O 12.O-O-O b5 13.f4 Nc5 14.f5 exf5 15.Nd5 fxe4 16.b4 Na4
17.Qxe4 Be6 18.Bd3 g6 19.Nxe7+ Qxe7 20.Bd4 Rac8 21.Ba1 Rc3 22.Rde1 Rfc8 23.Qd4
Qc7 24.Bxc3 Nxc3 25.a3 a5 26.Kd2 axb4 27.axb4 d5 28.Re5 Ne4+ 29.Ke3 Nd6 30.h5
Bf5 31.h6 f6 32.gxf6 Bxd3 33.cxd3 Nf7 34.Rh5 Qc2 35.Kf3 Re8 36.Rxd5 Qe2+ 37.Kf4
Qd2+ 38.Kf3 Qe2+ 39.Kf4 Qd2+ 40.Kf3 Qe2+ 41.Kf4